Представление документа в формате RUSMARC

ПолеНазваниеЗначение
  Тип записи a
  Библиографический уровень m
001 Контрольный номер 7ce5bd8064f44df8904fd5ac422ef1e2
005 Дата корректировки 20251003164055.7
010 Индекс ISBN __
d Цена 200-00
100 Данные общей обработки __
a Данные общей обработки 19200610d2018 m y0rusy028902 ca
101 Язык документа 0_
a Язык текста rus
102 Страна публикации __
a Страна публикации RU
105 Кодированные данные (монография) __
a Кодированные данные (монография) ao z 000yy
181 Поле кодированных данных: вид содержания _0
a Код вида содержания (ISBD) i
182 Поле кодированных данных: тип средства _0
a Код типа средства (ISBD) n
200 Заглавие и сведения об ответственности 1_
a Заглавие Годовой отчет, 2018
f Первые сведения об ответственности [вступительное слово: В. Л. Богданов]
203 Вид содержания и тип средства __
a Вид содержания Текст
c Тип средства непосредственный
210 Выходные данные 1_
a Место издания [Сургут]
c Издательство [б. и.]
d Дата издания 2018
215 Физическое описание __
a Объем 96 с.
c Иллюстрации/тип воспроизводства фот., граф.
d Формат 30 см
330 Аннотация __
a Аннотация Издание представляет собой годовой отчет о деятельности ОАО "Сургутнефтегаз" за 2018 год.
517 Другие варианты заглавия 1_
a Другие варианты заглавия Сургутнефтегаз
601 Наименование организации как предмет 02
a Наименование организации как предмет Сургутнефтегаз, ПАО
2 Код системы nlr_sh
601 Наименование организации как предмет 02
a Наименование организации как предмет Публичное акционерное общество "Сургутнефтегаз"
2 Код системы nlr_sh
601 Наименование организации как предмет 02
a Наименование организации как предмет ПАО "Сургутнефтегаз"
2 Код системы nlr_sh
601 Наименование организации как предмет 02
a Наименование организации как предмет Сургутнефтегаз, публичное акционерное общество
606 Тематические рубрики __
a Основная рубрика Экономика
y Географическая подрубрика Россия
y Географическая подрубрика Сургут
y Географическая подрубрика Сургутский район
y Географическая подрубрика Тюменская область
y Географическая подрубрика Ханты-Мансийский автономный округ - Югра
y Географическая подрубрика ХМАО-Югра
2 Код системы nlr_sh
z Хронологическая подрубрика 21 в.
z Хронологическая подрубрика 2018 г.
606 Тематические рубрики __
a Основная рубрика Экономика топливной промышленности
2 Код системы nlr_sh
610 Ключевые слова 0_
a Ключевые слова годовые отчеты
610 Ключевые слова 0_
a Ключевые слова добыча нефти
610 Ключевые слова 0_
a Ключевые слова краеведение
610 Ключевые слова 0_
a Ключевые слова нефтегазодобывающая отрасль
610 Ключевые слова 0_
a Ключевые слова нефтегазодобывающие компании
610 Ключевые слова 0_
a Ключевые слова нефтегазодобывающие предприятия
610 Ключевые слова 0_
a Ключевые слова нефть
610 Ключевые слова 0_
a Ключевые слова отчеты
610 Ключевые слова 0_
a Ключевые слова нефтяная промышленность
610 Ключевые слова 0_
a Ключевые слова переработка нефти
610 Ключевые слова 0_
a Ключевые слова топливная промышленность
686 Индексы других классификаций __
2 Код системы rubbks
a Классификационный индекс К65.305.143(2Рос-6Хан)
702 Вторичная интеллектуальная ответственность _1
a Фамилия Богданов
b Имя В. Л.
f Даты 1951-
g Полное личное имя Владимир Леонидович
4 Код отношения 080
710 Наименование организации. (Первичная ответственность) 00
a Организация/ юрисдикция "Сургутнефтегаз", открытое акционерное общество
801 Источник записи _0
a Страна RU
b Организация Муниципальное бюджетное учреждение культуры "Централизованная библиотечная система" г. Сургут (Центральная городская библиотека им. А. С. Пушкина)
c Дата составления 20200610
g Правила каталогизации PSBO
801 Источник записи _1
a Страна RU
b Организация Муниципальное бюджетное учреждение культуры "Централизованная библиотечная система" г. Сургут (Центральная городская библиотека им. А. С. Пушкина)
c Дата составления 20200610
g Правила каталогизации PSBO
852 Данные о местонахождении __
j Шифр хранения К65.305.143(2Рос-6Хан)
i Авторский знак С 90
900 Макрообъекты __
a Макрообъекты Годовой отчет 2018. Сургутнефтегаз, открытое акционерное общество, 2018
901 Тип документа __
t Тип документа m
a Ответственный КиК/Лукашук
903 Характеристики (МАРС) __
a Дата передачи 20220413; 20200610
c Наименование библиотеки (МАРС) Муниципальное бюджетное учреждение культуры "Централизованная библиотечная система" г. Сургут (Центральная городская библиотека им. А. С. Пушкина)
990 Данные о заказе (DOS) __
j Количество экземпляров (DOS) 1; 1
t N записи в КСУ для И/У (DOS) 202204; 202005